[Event "Quebec-ch U10"]
[Site "Montreal"]
[Date "2003.??.??"]
[Round "3"]
[White "Rozybakiyev, Ilchin"]
[Black "Dinku, Joel"]
[Result "1-0"]
[WhiteElo "1138"]
[BlackElo "825"]
[PlyCount "91"]
[EventDate "2003.05.??"]
[EventType "tourn"]
[EventRounds "5"]
[EventCountry "CAN"]
[SourceTitle "EXT 2006"]
[Source "ChessBase"]
[SourceDate "2005.11.24"]
[SourceVersion "1"]
[SourceVersionDate "2005.11.24"]
[SourceQuality "1"]

1. e4 e5 2. Nf3 Nf6 3. Nc3 Nc6 4. d4 exd4 5. Nxd4 Nxd4 6. Qxd4 Qe7 7. e5 d6 8. Bf4 dxe5 9. Qxe5 Qxe5+ 10. Bxe5 Bf5 11. Bxf6 gxf6 12. 0-0-0 Bd6 13. Nd5 0-0-0 14. Kb1 Be5 15. Bc4 Be6 16. Bb3 Bxd5 17. Bxd5 Rd7 18. Bf3 Rdd8 19. Bg4+ Kb8 20. h3 h5 21. Bf3 f5 22. g3 f4 23. gxf4 Bxf4 24. Rxd8+ Rxd8 25. Bxh5 Bg5 26. Bxf7 Bh4 27. f3 Bg3 28. Bh5 Bf2 29. Bg4 a6 30. a3 b5 31. h4 Rh8 32. h5 Be3 33. Re1 Bd2 34. Re2 Bf4 35. Re6 Kb7 36. Re4 Bd2 37. c3 c6 38. Kc2 Bg5 39. b4 Kc7 40. Rd4 Re8 41. Rd7+ Kb6 42. Rd6 Re2+ 43. Kb3 Re1 44. Bd7 Rb1+ 45. Kc2 Bd8 46. Kxb1 1-0